Warfarin vhodné antikoagulans

Podrobná bibliografia
Hlavní autori: Filová, A. (Autor), Konečná, Z. (Autor)
Médium: Článok
Jazyk:slovenčina
ISSN:1335-1753
Predmet:

MARC

LEADER 00000nab a2200000 a 4500
001 vtls000633766
003 SK-MaSNL
005 20260304102712.0
008 250425c1997 xo 0 slo
015 |a SNBRB19rr/mm-uuuuu 
035 |a CL0633905 
035 |a urn:nbn:sk:snk-abgwm 
035 |a (urnnbn)urn:nbn:sk:snk:ar-a067f2 
035 |a (uuid)b15d4ece-a141-4151-93c0-dd6a7d6a5697 
040 |a SNKBUCL  |b slo  |c SNKBUCL  |e AACR2 
041 0 |a slo 
044 |a xo  |c SK 
080 |a 615.273  |2 1981 
080 |a 615.22  |2 1981 
100 1 |a Filová, A.  |4 aut  |9 862054 
245 1 0 |a Warfarin vhodné antikoagulans  |c A. Filová, Z. Konečná 
650 0 7 |a warfarín  |2 snkbucl  |9 16487 
650 0 7 |a Orfarin (liek)  |2 snkbucl  |9 1387773 
655 7 |a články z novín a časopisov  |2 snkbucl  |9 267496 
700 1 |a Konečná, Z.  |4 aut  |9 1168370 
773 0 |t Revue profesionálnej sestry  |g Roč. 4, č. 4 (1997), s. 16  |x 1335-1753 
850 |a Slovenská národná knižnica 
852 |a Slovenská národná knižnica 
958 |a article27 
958 |a OND 
958 |a MI 
958 |a RK 
958 |a EUIPO 
999 |c 2846151  |d 2848081